Ergonomické parametry

Saved in:
Bibliographic Details
Main Author Šmíd, Miroslav, 1923-2001 (Author)
Format Book
LanguageCzech
Published Praha : Státní nakladatelství technické literatury, 1977
Subjects
Physical Description195 s.

Cover

LEADER 00000cam a22000007a 4500
001 4481
003 CZ-ZlUTB
005 20190825231815.0
008 950218s1977 xr |||||r|||||||||||cze|d
040 |a ZLD002  |b cze  |c ZLD002  |d ZLD002 
080 |a 331.01  |2 v 
100 1 |a Šmíd, Miroslav,  |d 1923-2001  |7 jk01130576  |4 aut 
245 1 0 |a Ergonomické parametry 
260 |a Praha :  |b Státní nakladatelství technické literatury,  |c 1977 
300 |a 195 s. 
650 0 4 |a ergonomický 
650 0 4 |a parametry 
910 |a ZLD002 
952 |0 0  |1 0  |4 0  |6 331ŠMÍDM  |7 0  |8 BOOK  |9 7322  |a UTBZL  |b UTBZL  |c 030  |d 2006-07-29  |i 53271  |l 18  |m 2  |o 331/ŠMÍD,M.  |p 420010027849  |r 2023-06-12 00:00:00  |s 2023-03-14  |w 2019-08-25  |x 20100831  |y 05 
992 |a BK  |b SK  |d 16 
999 |c 4481  |d 4481